000 01037nam a2200253 i 4500
001 151945
003 ES-MaACL
005 20230906204449.0
008 931025s1849 sp |||| | spa d
080 _a32 Bermúdez de Castro, Manuel
080 _a32 Mon, Alenjandro
080 _a339.72.053.1(460)"18"
080 _a336.22.02(460)"1843/68"
100 1 _aBermúdez de Castro, Manuel.
_928140
245 1 0 _aContestaciones entre el Señor Bermúdez de Castro y el Sr. D. Alejandro Mon sobre las conversiones verificadas en 1844.
260 _aMadrid :
_b[s.n.],
_c1849 (
_fImp. a cargo de Manuel Rojas)
300 _a59 p. ;
_c22 cm.
530 _aDisponible en formato digital.
650 4 _aConversión de la deuda-
_zEspaña.
_9155703
651 _aEspaña-
_xPolítica fiscal.
_98431
700 1 _aMon, Alejandro.
_982091
852 4 _aES-MaACL
_jT-34-F-14
_z- Enc. hol.
_z- Enc. en un vol. facticio
856 4 _uhttps://bvpb.mcu.es/es/consulta/registro.do?id=450072
_zBiblioteca Virtual del Patrimonio Bibliográfico
999 _c151945
_d151945